UK Towns Quiz - South Ayrshire - Scotland - Statistics

General Stats
  • This quiz has been taken 107 times
  • The average score is 8 of 11
Answer Stats
Clue Town Population % Correct
A Ayr 46,182
100%
T Troon 15,261
98%
P Prestwick 14,570
96%
G Girvan 6,309
87%
M Maybole 4,333
79%
T Tarbolton 1,855
68%
C Coylton 2,190
62%
D Dundonald 2,566
60%
S Symington 1,619
55%
M Monkton 1,206
49%
M Mossblown 2,119
45%
No matching quizzes found
Score Distribution
Percent of People with Each Score
Percentile by Number Answered
Your Score History
You have not taken this quiz